| 000 | 00569nam a2200229Ia 4500 | ||
|---|---|---|---|
| 005 | 20240217112809.0 | ||
| 008 | 131103s9999 xx 000 0 und d | ||
| 020 | _cRs.75 | ||
| 040 | _aLoreto College | ||
| 041 | _aEnglish | ||
| 082 |
_a370.954 _bBIS |
||
| 100 | _aBiswas,A. | ||
| 245 |
_aComparative Education, _cA.Biswas & J.C.Aggarwal |
||
| 250 | _a3rd ed. | ||
| 260 |
_aDelhi _bArya Book Depot _c1986 |
||
| 300 |
_axix,144 p. _b ill.,fig. |
||
| 650 | _aEducation | ||
| 651 | _aIndia | ||
| 700 | _aAggarwal,J.C.,auth. | ||
| 850 | _aLCLIB | ||
| 942 | _cBK | ||
| 999 |
_c4035 _d54514 |
||